Mediating the message in the 21st century : (Record no. 329898)

000 -LEADER
fixed length control field 01595cam a2200397 i 4500
001 - CONTROL NUMBER
control field 17646851
003 - CONTROL NUMBER IDENTIFIER
control field NUST
005 - DATE AND TIME OF LATEST TRANSACTION
control field 20180117090026.0
008 - FIXED-LENGTH DATA ELEMENTS--GENERAL INFORMATION
fixed length control field 130304s2014 nyua b 001 0 eng
010 ## - LIBRARY OF CONGRESS CONTROL NUMBER
LC control number 2013008502
020 ## - INTERNATIONAL STANDARD BOOK NUMBER
International Standard Book Number 9780415989138 (hardback)
020 ## - INTERNATIONAL STANDARD BOOK NUMBER
International Standard Book Number 9780415989145 (paperback)
020 ## - INTERNATIONAL STANDARD BOOK NUMBER
International Standard Book Number 9780203930434 (ebook)
040 ## - CATALOGING SOURCE
Original cataloging agency DLC
Language of cataloging eng
Transcribing agency DLC
Description conventions rda
Modifying agency DLC
042 ## - AUTHENTICATION CODE
Authentication code pcc
050 00 - LIBRARY OF CONGRESS CALL NUMBER
Classification number P91
Item number .S46 2014
082 00 - DEWEY DECIMAL CLASSIFICATION NUMBER
Classification number 302.23
Edition number 23
100 1# - MAIN ENTRY--PERSONAL NAME
Personal name Shoemaker, Pamela J.,
Relator term author.
9 (RLIN) 1589
240 10 - UNIFORM TITLE
Uniform title Mediating the message
245 10 - TITLE STATEMENT
Title Mediating the message in the 21st century :
Remainder of title a media Sociology perspective /
Statement of responsibility, etc. Pamela J. Shoemaker and Stephen D. Reese.
246 3# - VARYING FORM OF TITLE
Title proper/short title Mediating the message in the twenty-first century
250 ## - EDITION STATEMENT
Edition statement Third edition.
264 #1 - PRODUCTION, PUBLICATION, DISTRIBUTION, MANUFACTURE, AND COPYRIGHT NOTICE
Place of production, publication, distribution, manufacture New York :
Name of producer, publisher, distributor, manufacturer Routledge/Taylor & Francis Group,
Date of production, publication, distribution, manufacture, or copyright notice 2014.
300 ## - PHYSICAL DESCRIPTION
Extent xix, 287 pages :
Other physical details illustrations ;
Dimensions 24 cm
336 ## - CONTENT TYPE
Content type term text
Source rdacontent
337 ## - MEDIA TYPE
Media type term unmediated
Source rdamedia
338 ## - CARRIER TYPE
Carrier type term volume
Source rdacarrier
504 ## - BIBLIOGRAPHY, ETC. NOTE
Bibliography, etc. note Includes bibliographical references (pages 247-271) and index.
650 #0 - SUBJECT ADDED ENTRY--TOPICAL TERM
Topical term or geographic name entry element Mass media.
9 (RLIN) 116
650 #0 - SUBJECT ADDED ENTRY--TOPICAL TERM
Topical term or geographic name entry element Content analysis (Communication)
9 (RLIN) 1590
700 1# - ADDED ENTRY--PERSONAL NAME
Personal name Reese, Stephen D.,
Relator term author.
9 (RLIN) 1591
906 ## - LOCAL DATA ELEMENT F, LDF (RLIN)
a 7
b cbc
c orignew
d 1
e ecip
f 20
g y-gencatlg
942 ## - ADDED ENTRY ELEMENTS (KOHA)
Source of classification or shelving scheme
Koha item type Book
Holdings
Withdrawn status Lost status Source of classification or shelving scheme Damaged status Not for loan Collection code Permanent Location Current Location Shelving location Date acquired Total Checkouts Full call number Barcode Date last seen Date last checked out Price effective from Koha item type
            Central Library (CL) Central Library (CL) General Stacks 05/30/2017 1 302.23 SHO S3H-S-907 11/27/2023 10/13/2017 05/30/2017 Book
© 2023 Central Library, National University of Sciences and Technology. All Rights Reserved.